| 000 | 00805cam a2200241 a 4500 | ||
|---|---|---|---|
| 001 | 2521884 | ||
| 005 | 20171219040909.0 | ||
| 008 | 930318s1993 paua b 001 0deng | ||
| 010 | _a 93003781 | ||
| 020 | _a0812231813 (acidfree paper) | ||
| 040 |
_aDLC _cDLC _dDLC |
||
| 041 | _aeng | ||
| 043 | _an-us--- | ||
| 080 | _a349.7308996073 SMI | ||
| 082 | 0 | 0 |
_a349.7308996073 SMI _a347.3008996073 _220 |
| 100 | 1 | _a14 | |
| 101 | _aJUR | ||
| 245 | 1 | 0 |
_aEmancipation : _cJ. Clay Smith. |
| 504 | _aIncludes bibliographical references (p. [639]-661) and index. | ||
| 906 |
_a7 _bcbc _corignew _d1 _eocip _f19 _gy-gencatlg |
||
| 942 |
_2ddc _cBK |
||
| 999 |
_c39146 _d39146 |
||